Elementary Urdu, (Record no. 543488)
[ view plain ]
| 000 -LEADER | |
|---|---|
| fixed length control field | 00513cam a22001451 4500 |
| 082 ## - DEWEY DECIMAL CLASSIFICATION NUMBER | |
| Classification number | 491.439 |
| Author Mark | CAT |
| -- | L-29, P-2 |
| 100 1# - MAIN ENTRY--PERSONAL NAME | |
| Personal name | Catchpole, H. |
| 9 (RLIN) | 38865 |
| 245 00 - TITLE STATEMENT | |
| Title | Elementary Urdu, |
| Remainder of title | general and military (roman script) |
| Statement of responsibility, etc. | by Captain H. Catchpole ... |
| 260 ## - PUBLICATION, DISTRIBUTION, ETC. | |
| Place of publication, distribution, etc. | Ipswich, Eng., |
| Name of publisher, distributor, etc. | W. S. Cowell ltd., distributed by Luzac & Co., London |
| Date of publication, distribution, etc. | [1946] |
| 300 ## - PHYSICAL DESCRIPTION | |
| Extent | vi, 146 p. |
| Dimensions | 22 cm. |
| 526 ## - STUDY PROGRAM INFORMATION NOTE | |
| Program name | 0 |
| Interest level | 0 |
| Reading level | 0 |
| Title point value | 491_439000000000000_CAT |
| 650 #0 - SUBJECT ADDED ENTRY--TOPICAL TERM | |
| Topical term or geographic name entry element | Hindustani language |
| General subdivision | Grammar. |
| 9 (RLIN) | 38866 |
| 650 #0 - SUBJECT ADDED ENTRY--TOPICAL TERM | |
| Topical term or geographic name entry element | MCE |
| 9 (RLIN) | 379 |
| 942 ## - ADDED ENTRY ELEMENTS (KOHA) | |
| Source of classification or shelving scheme | |
| Koha item type | Book |
| Withdrawn status | Lost status | Source of classification or shelving scheme | Damaged status | Not for loan | Permanent Location | Current Location | Date acquired | Total Checkouts | Full call number | Barcode | Date last seen | Price effective from | Koha item type |
|---|---|---|---|---|---|---|---|---|---|---|---|---|---|
| Military College of Engineering (MCE) | Military College of Engineering (MCE) | 03/26/2014 | 491.439 CAT | MCE-1879 | 03/26/2014 | 03/14/2021 | Book |
